00775nam a2200169 a 4500003000400000005001700004008004100021040002400062041000800086082001800094111003600112245030600148260005700454300001000511518005800521653002600579OSt20131010134925.0131010s2000 ag ||||| |||| 10| 0 spa d cBiblioteca Medicina aspa bCONGRESOS 0102 aAsociacion Argentina de Cirugia00a71º Congreso Argentino de Cirugia, 44º Congreso Argentino de Cirugia Toracica, 25º Congreso Argentino de Coloproctologia, 27º Jornadas Argentinas de Angiologia y Cirugia Cardiovascular, 9º Congreso Sudamericano de Cirugia Toracica, 1º Jornadas Nacionales de Medicos Residentes de Cirugia General aBuenos AiresbAsociacion Argentina de Cirugia c2000 a35 p. aBuenos Aires, Argentina. 6 al 10 de Noviembre de 2000 aCIRUGIA-CONGRESO-2000